[Event "DVM U20 2022"]
[Site "Münster GER"]
[Date "2022.12.28"]
[Round "3"]
[White "Suvorov, Alexander"]
[Black "Garbuz, Vitaliy"]
[Result "1-0"]
[Termination "normal"]
[Board "2.1"]
[WhiteTitle "FM"]
[WhiteElo "2345"]
[BlackElo "2147"]
[WhiteClock "00:05:28"]
[BlackClock "00:21:05"]
[WhiteTeam "Schachgemeinschaft Porz e. V."]
[BlackTeam "Schachfreunde Brackel 1930 e. V."]
[PlyCount "51"]
[WhiteFideId "12977063"]
[BlackFideId "12990710"]
[EventCountry "GER"]
[EventRounds "7"]
[EventType "team-swiss"]
[EventDate "2022.12.26"]

1. Nf3 {[%clk 01:30:49]} {[%emt 00:00:10]} d5 {[%clk 01:30:53]} {[%emt
00:00:07]} 2. g3 {[%clk 01:31:06]} {[%emt 00:00:13]} Nf6 {[%clk 01:31:17]}
{[%emt 00:00:06]} 3. Bg2 {[%clk 01:31:26]} {[%emt 00:00:10]} e6 {[%clk
01:31:39]} {[%emt 00:00:07]} 4. O-O {[%clk 01:31:33]} {[%emt 00:00:24]} Be7
{[%clk 01:32:04]} {[%emt 00:00:05]} 5. d3 {[%clk 01:31:55]} {[%emt 00:00:08]}
O-O {[%clk 01:32:25]} {[%emt 00:00:09]} 6. Nbd2 {[%clk 01:31:49]} {[%emt
00:00:37]} c5 {[%clk 01:27:01]} {[%emt 00:05:54]} 7. e4 {[%clk 01:31:44]}
{[%emt 00:00:35]} Nc6 {[%clk 01:27:21]} {[%emt 00:00:09]} 8. Re1 {[%clk
01:30:52]} {[%emt 00:01:23]} Rb8 {[%clk 01:05:50]} {[%emt 00:22:00]} 9. e5
{[%clk 01:29:07]} {[%emt 00:02:16]} Nd7 {[%clk 01:06:05]} {[%emt 00:00:14]} 10.
Nf1 {[%clk 01:28:47]} {[%emt 00:00:50]} b5 {[%clk 01:05:34]} {[%emt 00:01:00]}
11. h4 {[%clk 01:26:32]} {[%emt 00:02:47]} Nb6 {[%clk 00:57:48]} {[%emt
00:08:15]} 12. Bf4 {[%clk 00:50:56]} {[%emt 00:36:06]} a5 {[%clk 00:53:51]}
{[%emt 00:04:26]} 13. h5 {[%clk 00:47:51]} {[%emt 00:03:37]} a4 {[%clk
00:52:57]} {[%emt 00:01:24]} 14. h6 {[%clk 00:45:02]} {[%emt 00:03:19]} g6
{[%clk 00:50:17]} {[%emt 00:03:10]} 15. a3 {[%clk 00:40:10]} {[%emt 00:05:22]}
b4 {[%clk 00:45:38]} {[%emt 00:05:07]} 16. Ne3 {[%clk 00:30:05]} {[%emt
00:10:36]} Ba6 {[%clk 00:40:22]} {[%emt 00:05:45]} 17. axb4 {[%clk 00:21:42]}
{[%emt 00:08:54]} cxb4 {[%clk 00:35:12]} {[%emt 00:05:40]} 18. Ng4 {[%clk
00:22:04]} {[%emt 00:00:09]} b3 {[%clk 00:26:12]} {[%emt 00:09:29]} 19. cxb3
{[%clk 00:11:49]} {[%emt 00:10:45]} Nb4 {[%clk 00:26:26]} {[%emt 00:00:15]} 20.
Bf1 {[%clk 00:12:00]} {[%emt 00:00:20]} Rc8 {[%clk 00:25:21]} {[%emt 00:01:34]}
21. Rc1 {[%clk 00:11:05]} {[%emt 00:01:26]} Rxc1 {[%clk 00:25:27]} {[%emt
00:00:24]} 22. Bxc1 {[%clk 00:11:06]} {[%emt 00:00:29]} axb3 {[%clk 00:24:55]}
{[%emt 00:01:02]} 23. Qxb3 {[%clk 00:11:14]} {[%emt 00:00:22]} Bb5 {[%clk
00:24:44]} {[%emt 00:00:40]} 24. Bg5 {[%clk 00:06:16]} {[%emt 00:05:28]} Ba4
{[%clk 00:21:31]} {[%emt 00:03:43]} 25. Qxb4 {[%clk 00:05:00]} {[%emt
00:01:47]} Bxb4 {[%clk 00:21:05]} {[%emt 00:00:56]} 26. Bxd8 {[%clk 00:05:28]}
{[%emt 00:00:02]} 1-0

[Event "DVM U20 2022"]
[Site "Münster GER"]
[Date "2022.12.28"]
[Round "3"]
[White "Kracht, Raphael"]
[Black "Suvorov, Luca"]
[Result "1-0"]
[Termination "normal"]
[Board "2.2"]
[BlackTitle "FM"]
[WhiteElo "2124"]
[BlackElo "2299"]
[WhiteClock "00:01:31"]
[BlackClock "00:01:06"]
[WhiteTeam "Schachfreunde Brackel 1930 e. V."]
[BlackTeam "Schachgemeinschaft Porz e. V."]
[PlyCount "69"]
[WhiteFideId "16214382"]
[BlackFideId "12977071"]
[EventCountry "GER"]
[EventRounds "7"]
[EventType "team-swiss"]
[EventDate "2022.12.26"]

1. e4 {[%clk 01:30:57]} {[%emt 00:00:01]} c6 {[%clk 01:30:08]} {[%emt
00:00:53]} 2. d4 {[%clk 01:26:23]} {[%emt 00:05:04]} d5 {[%clk 01:30:00]}
{[%emt 00:00:37]} 3. e5 {[%clk 01:26:34]} {[%emt 00:00:20]} c5 {[%clk
01:29:42]} {[%emt 00:00:48]} 4. Nf3 {[%clk 01:26:09]} {[%emt 00:00:55]} cxd4
{[%clk 01:29:51]} {[%emt 00:00:21]} 5. Qxd4 {[%clk 01:06:49]} {[%emt 00:19:50]}
Nc6 {[%clk 01:23:10]} {[%emt 00:07:10]} 6. Qf4 {[%clk 01:06:33]} {[%emt
00:00:46]} e6 {[%clk 00:56:52]} {[%emt 00:26:49]} 7. Bd3 {[%clk 01:04:38]}
{[%emt 00:02:24]} Nb4 {[%clk 00:39:38]} {[%emt 00:17:44]} 8. O-O {[%clk
01:02:45]} {[%emt 00:02:24]} Nxd3 {[%clk 00:38:54]} {[%emt 00:01:14]} 9. cxd3
{[%clk 01:03:07]} {[%emt 00:00:07]} h6 {[%clk 00:37:33]} {[%emt 00:01:52]} 10.
Nc3 {[%clk 00:58:28]} {[%emt 00:05:09]} Ne7 {[%clk 00:36:24]} {[%emt 00:01:39]}
11. Re1 {[%clk 00:57:14]} {[%emt 00:01:43]} Bd7 {[%clk 00:27:03]} {[%emt
00:09:52]} 12. h4 {[%clk 00:38:15]} {[%emt 00:19:28]} Qb6 {[%clk 00:17:04]}
{[%emt 00:10:30]} 13. h5 {[%clk 00:17:17]} {[%emt 00:21:27]} g5 {[%clk
00:09:16]} {[%emt 00:08:19]} 14. hxg6 {[%clk 00:15:00]} {[%emt 00:02:46]} Nxg6
{[%clk 00:08:36]} {[%emt 00:01:10]} 15. Qg3 {[%clk 00:13:36]} {[%emt 00:01:54]}
Be7 {[%clk 00:07:48]} {[%emt 00:01:19]} 16. Be3 {[%clk 00:11:41]} {[%emt
00:02:25]} Qa6 {[%clk 00:07:07]} {[%emt 00:01:12]} 17. Red1 {[%clk 00:10:53]}
{[%emt 00:01:17]} Bc6 {[%clk 00:02:26]} {[%emt 00:05:10]} 18. Nd4 {[%clk
00:08:52]} {[%emt 00:02:31]} Kd7 {[%clk 00:01:59]} {[%emt 00:00:57]} 19. f4
{[%clk 00:08:34]} {[%emt 00:00:48]} Bc5 {[%clk 00:00:56]} {[%emt 00:01:34]} 20.
f5 {[%clk 00:07:16]} {[%emt 00:01:48]} Bxd4 {[%clk 00:00:56]} {[%emt 00:00:30]}
21. Bxd4 {[%clk 00:05:42]} {[%emt 00:02:03]} Ne7 {[%clk 00:01:19]} {[%emt
00:00:07]} 22. Qg7 {[%clk 00:05:21]} {[%emt 00:00:52]} Nxf5 {[%clk 00:00:59]}
{[%emt 00:00:50]} 23. Qxf7 {[%clk 00:05:46]} {[%emt 00:00:04]} Ne7 {[%clk
00:01:07]} {[%emt 00:00:23]} 24. Bc5 {[%clk 00:04:25]} {[%emt 00:01:50]} Rae8
{[%clk 00:01:34]} {[%emt 00:00:03]} 25. Rf1 {[%clk 00:04:38]} {[%emt 00:00:17]}
Qxd3 {[%clk 00:00:38]} {[%emt 00:01:27]} 26. Rf6 {[%clk 00:04:45]} {[%emt
00:00:23]} Qc4 {[%clk 00:00:37]} {[%emt 00:00:31]} 27. Qxe6 {[%clk 00:04:43]}
{[%emt 00:00:32]} Kc7 {[%clk 00:00:42]} {[%emt 00:00:25]} 28. Bxe7 {[%clk
00:04:31]} {[%emt 00:00:41]} Rhg8 {[%clk 00:00:37]} {[%emt 00:00:36]} 29. Rf2
{[%clk 00:02:57]} {[%emt 00:02:03]} Kb8 {[%clk 00:00:36]} {[%emt 00:00:31]} 30.
Qf7 {[%clk 00:02:00]} {[%emt 00:01:27]} Qg4 {[%clk 00:00:38]} {[%emt 00:00:28]}
31. Bd6 {[%clk 00:02:10]} {[%emt 00:00:20]} Ka8 {[%clk 00:01:07]} {[%emt
00:00:01]} 32. Qf4 {[%clk 00:02:03]} {[%emt 00:00:37]} Qg6 {[%clk 00:00:36]}
{[%emt 00:01:02]} 33. Qd4 {[%clk 00:02:01]} {[%emt 00:00:31]} Qe6 {[%clk
00:00:54]} {[%emt 00:00:12]} 34. Rd1 {[%clk 00:01:19]} {[%emt 00:01:13]} Rg4
{[%clk 00:01:06]} {[%emt 00:00:17]} 35. Nxd5 {[%clk 00:01:31]} {[%emt
00:00:18]} 1-0

[Event "DVM U20 2022"]
[Site "Münster GER"]
[Date "2022.12.28"]
[Round "3"]
[White "Gallasch, Jonas"]
[Black "Kartsev, Nikolay"]
[Result "1/2-1/2"]
[Termination "normal"]
[Board "2.3"]
[WhiteElo "2282"]
[BlackElo "2074"]
[WhiteClock "00:27:28"]
[BlackClock "00:29:26"]
[WhiteTeam "Schachgemeinschaft Porz e. V."]
[BlackTeam "Schachfreunde Brackel 1930 e. V."]
[PlyCount "91"]
[WhiteFideId "16222474"]
[BlackFideId "12939536"]
[EventCountry "GER"]
[EventRounds "7"]
[EventType "team-swiss"]
[EventDate "2022.12.26"]

1. d4 {[%clk 01:30:59]} Nf6 {[%clk 01:30:16]} {[%emt 00:00:44]} 2. c4 {[%clk
01:31:05]} {[%emt 00:00:23]} e6 {[%clk 01:30:41]} {[%emt 00:00:05]} 3. Nf3
{[%clk 01:31:29]} {[%emt 00:00:07]} c5 {[%clk 01:31:01]} {[%emt 00:00:10]} 4.
d5 {[%clk 01:31:22]} {[%emt 00:00:37]} exd5 {[%clk 01:31:21]} {[%emt 00:00:09]}
5. cxd5 {[%clk 01:31:46]} {[%emt 00:00:07]} d6 {[%clk 01:31:44]} {[%emt
00:00:07]} 6. Nc3 {[%clk 01:31:55]} {[%emt 00:00:20]} g6 {[%clk 01:32:07]}
{[%emt 00:00:08]} 7. e4 {[%clk 01:30:42]} {[%emt 00:01:43]} Bg7 {[%clk
01:31:56]} {[%emt 00:00:41]} 8. Bd3 {[%clk 01:27:58]} {[%emt 00:03:14]} O-O
{[%clk 01:26:15]} {[%emt 00:06:10]} 9. h3 {[%clk 01:27:15]} {[%emt 00:01:15]}
b5 {[%clk 01:12:28]} {[%emt 00:14:16]} 10. Nxb5 {[%clk 01:23:41]} {[%emt
00:04:04]} Nxe4 {[%clk 00:54:17]} {[%emt 00:18:41]} 11. O-O {[%clk 01:21:58]}
{[%emt 00:02:13]} Re8 {[%clk 00:45:09]} {[%emt 00:09:37]} 12. Re1 {[%clk
01:16:06]} {[%emt 00:06:22]} Nf6 {[%clk 00:43:06]} {[%emt 00:02:33]} 13. Rxe8
{[%clk 01:13:39]} {[%emt 00:02:58]} Nxe8 {[%clk 00:43:22]} {[%emt 00:00:13]}
14. Qe2 {[%clk 00:55:59]} {[%emt 00:18:10]} Nd7 {[%clk 00:38:42]} {[%emt
00:05:10]} 15. Bg5 {[%clk 00:48:07]} {[%emt 00:08:22]} Ndf6 {[%clk 00:38:25]}
{[%emt 00:00:47]} 16. Bc4 {[%clk 00:42:31]} {[%emt 00:06:07]} Bb7 {[%clk
00:35:29]} {[%emt 00:03:26]} 17. Rd1 {[%clk 00:35:42]} {[%emt 00:07:19]} Nc7
{[%clk 00:33:17]} {[%emt 00:02:41]} 18. Nc3 {[%clk 00:35:00]} {[%emt 00:01:13]}
Qf8 {[%clk 00:28:21]} {[%emt 00:05:25]} 19. Bf4 {[%clk 00:29:07]} {[%emt
00:06:23]} Nd7 {[%clk 00:23:49]} {[%emt 00:05:01]} 20. Ne4 {[%clk 00:24:21]}
{[%emt 00:05:17]} Ne8 {[%clk 00:20:21]} {[%emt 00:03:57]} 21. Ba6 {[%clk
00:15:45]} {[%emt 00:09:07]} Rb8 {[%clk 00:16:28]} {[%emt 00:04:23]} 22. Bb5
{[%clk 00:13:15]} {[%emt 00:02:59]} Ndf6 {[%clk 00:08:58]} {[%emt 00:08:00]}
23. Nc3 {[%clk 00:11:55]} {[%emt 00:01:50]} Nc7 {[%clk 00:06:37]} {[%emt
00:02:52]} 24. Bc6 {[%clk 00:11:02]} {[%emt 00:01:22]} Ba6 {[%clk 00:07:02]}
{[%emt 00:00:05]} 25. Qc2 {[%clk 00:10:18]} {[%emt 00:01:14]} Rb4 {[%clk
00:05:40]} {[%emt 00:01:52]} 26. Bh2 {[%clk 00:08:37]} {[%emt 00:02:12]} Qe7
{[%clk 00:01:36]} {[%emt 00:04:34]} 27. Re1 {[%clk 00:08:16]} {[%emt 00:00:51]}
Qd8 {[%clk 00:01:30]} {[%emt 00:00:35]} 28. a3 {[%clk 00:01:36]} {[%emt
00:07:11]} Rb6 {[%clk 00:01:48]} {[%emt 00:00:11]} 29. Rb1 {[%clk 00:01:35]}
{[%emt 00:00:32]} Bc8 {[%clk 00:02:03]} {[%emt 00:00:14]} 30. Qa4 {[%clk
00:00:59]} {[%emt 00:01:07]} Bf5 {[%clk 00:00:43]} {[%emt 00:01:50]} 31. Rc1
{[%clk 00:01:22]} {[%emt 00:00:07]} Rxb2 {[%emt 00:00:30]} 32. Qxa7 {[%clk
00:00:44]} {[%emt 00:01:06]} Ne4 {[%clk 00:00:41]} {[%emt 00:00:33]} 33. Na4
{[%clk 00:00:34]} {[%emt 00:00:41]} Rxf2 {[%clk 00:00:36]} {[%emt 00:00:34]}
34. Nxc5 {[%clk 00:00:54]} {[%emt 00:00:11]} Rxf3 {[%clk 00:00:35]} {[%emt
00:00:31]} 35. Nxe4 {[%clk 00:00:37]} {[%emt 00:00:46]} Rd3 {[%clk 00:00:53]}
{[%emt 00:00:12]} 36. Nc5 {[%clk 00:00:35]} {[%emt 00:00:33]} Bd4 {[%clk
00:00:49]} {[%emt 00:00:33]} 37. Kf1 {[%clk 00:00:37]} {[%emt 00:00:29]} Bxc5
{[%clk 00:00:33]} {[%emt 00:00:46]} 38. Rxc5 {[%clk 00:00:54]} {[%emt
00:00:13]} dxc5 {[%clk 00:00:32]} {[%emt 00:00:31]} 39. Bxc7 {[%clk 00:01:14]}
{[%emt 00:00:10]} Qg5 {[%clk 00:00:33]} {[%emt 00:00:28]} 40. Qb8 {[%clk
00:01:24]} {[%emt 00:00:20]} Kg7 {[%clk 00:00:42]} {[%emt 00:00:21]} 41. Be5
{[%clk 00:01:13]} {[%emt 00:00:41]} f6 {[%clk 00:00:41]} {[%emt 00:00:30]} 42.
Qc7 {[%clk 00:29:49]} {[%emt 00:01:55]} Kg8 {[%clk 00:29:00]} {[%emt 00:02:11]}
43. Qd8 {[%clk 00:28:52]} {[%emt 00:01:28]} Kg7 {[%clk 00:28:44]} {[%emt
00:00:42]} 44. Qc7 {[%clk 00:27:54]} {[%emt 00:01:30]} Kg8 {[%clk 00:29:04]}
{[%emt 00:00:11]} 45. Qd8 {[%clk 00:27:11]} {[%emt 00:01:14]} Kg7 {[%clk
00:29:26]} {[%emt 00:00:07]} 46. Qc7 {[%clk 00:27:28]} {[%emt 00:00:13]}
1/2-1/2

[Event "DVM U20 2022"]
[Site "Münster GER"]
[Date "2022.12.28"]
[Round "3"]
[White "Bartelt, Max Peter"]
[Black "Mohammadi Nia, Borna"]
[Result "1/2-1/2"]
[Termination "normal"]
[Board "2.4"]
[WhiteElo "2026"]
[BlackElo "2139"]
[WhiteClock "00:19:19"]
[BlackClock "00:29:21"]
[WhiteTeam "Schachfreunde Brackel 1930 e. V."]
[BlackTeam "Schachgemeinschaft Porz e. V."]
[PlyCount "100"]
[WhiteFideId "12967289"]
[BlackFideId "16207319"]
[EventCountry "GER"]
[EventRounds "7"]
[EventType "team-swiss"]
[EventDate "2022.12.26"]

1. d4 {[%clk 01:30:58]} {[%emt 00:00:01]} d6 {[%clk 01:30:57]} {[%emt
00:00:03]} 2. Nf3 {[%clk 01:30:27]} {[%emt 00:01:01]} g6 {[%clk 01:31:19]}
{[%emt 00:00:08]} 3. g3 {[%clk 01:30:50]} {[%emt 00:00:06]} Nf6 {[%clk
01:31:44]} {[%emt 00:00:05]} 4. Bg2 {[%clk 01:31:17]} {[%emt 00:00:03]} Bg7
{[%clk 01:32:11]} {[%emt 00:00:04]} 5. O-O {[%clk 01:31:42]} {[%emt 00:00:05]}
O-O {[%clk 01:32:34]} {[%emt 00:00:06]} 6. c4 {[%clk 01:28:09]} {[%emt
00:04:04]} c5 {[%clk 01:32:19]} {[%emt 00:00:45]} 7. Nc3 {[%clk 01:28:01]}
{[%emt 00:00:38]} Nc6 {[%clk 01:31:42]} {[%emt 00:01:07]} 8. d5 {[%clk
01:26:13]} {[%emt 00:02:17]} Na5 {[%clk 01:31:54]} {[%emt 00:00:17]} 9. Qd3
{[%clk 01:25:27]} {[%emt 00:01:17]} a6 {[%clk 01:30:34]} {[%emt 00:01:51]} 10.
Nd2 {[%clk 01:19:56]} {[%emt 00:06:01]} Ng4 {[%clk 01:21:36]} {[%emt 00:09:28]}
11. e4 {[%clk 01:15:02]} {[%emt 00:05:24]} b5 {[%clk 01:18:00]} {[%emt
00:04:06]} 12. cxb5 {[%clk 01:09:57]} {[%emt 00:05:35]} axb5 {[%clk 01:18:24]}
{[%emt 00:00:05]} 13. Nxb5 {[%clk 01:06:48]} {[%emt 00:03:39]} Ba6 {[%clk
01:17:19]} {[%emt 00:01:35]} 14. a4 {[%clk 01:02:41]} {[%emt 00:04:38]} Qb6
{[%clk 01:13:18]} {[%emt 00:04:30]} 15. Rb1 {[%clk 00:58:30]} {[%emt 00:04:41]}
Ne5 {[%clk 00:44:36]} {[%emt 00:29:12]} 16. Qe2 {[%clk 00:57:52]} {[%emt
00:01:08]} c4 {[%clk 00:44:19]} {[%emt 00:00:47]} 17. b4 {[%clk 00:55:13]}
{[%emt 00:03:10]} Nb7 {[%clk 00:39:53]} {[%emt 00:04:55]} 18. Na3 {[%clk
00:32:31]} {[%emt 00:23:12]} c3 {[%clk 00:36:43]} {[%emt 00:03:41]} 19. b5
{[%clk 00:29:57]} {[%emt 00:03:04]} cxd2 {[%clk 00:36:00]} {[%emt 00:01:12]}
20. Bxd2 {[%clk 00:23:40]} {[%emt 00:06:47]} Qd4 {[%clk 00:32:38]} {[%emt
00:03:52]} 21. Rb4 {[%clk 00:21:45]} {[%emt 00:02:25]} Qd3 {[%clk 00:32:25]}
{[%emt 00:00:44]} 22. Qxd3 {[%clk 00:17:09]} {[%emt 00:05:06]} Nxd3 {[%clk
00:32:50]} {[%emt 00:00:05]} 23. Rc4 {[%clk 00:16:50]} {[%emt 00:00:49]} Nbc5
{[%clk 00:29:07]} {[%emt 00:04:13]} 24. bxa6 {[%clk 00:15:28]} {[%emt
00:01:51]} Nb2 {[%clk 00:20:54]} {[%emt 00:08:43]} 25. Rb4 {[%clk 00:14:12]}
{[%emt 00:01:46]} Nbxa4 {[%clk 00:21:00]} {[%emt 00:00:24]} 26. Nb5 {[%clk
00:10:41]} {[%emt 00:04:01]} Rxa6 {[%clk 00:20:38]} {[%emt 00:00:52]} 27. Rfb1
{[%clk 00:04:22]} {[%emt 00:06:49]} Nd3 {[%clk 00:15:15]} {[%emt 00:05:53]} 28.
Rc4 {[%clk 00:03:47]} {[%emt 00:01:05]} Nac5 {[%clk 00:14:58]} {[%emt
00:00:48]} 29. Nd4 {[%clk 00:02:26]} {[%emt 00:01:50]} Ra2 {[%clk 00:13:14]}
{[%emt 00:02:14]} 30. Be3 {[%clk 00:00:34]} {[%emt 00:02:23]} Rfa8 {[%clk
00:12:17]} {[%emt 00:01:26]} 31. Nc6 {[%clk 00:00:39]} {[%emt 00:00:25]} Bf6
{[%clk 00:05:52]} {[%emt 00:06:56]} 32. h3 {[%clk 00:01:05]} {[%emt 00:00:03]}
Ra1 {[%clk 00:04:33]} {[%emt 00:01:50]} 33. Rxa1 {[%clk 00:01:21]} {[%emt
00:00:15]} Rxa1 {[%clk 00:04:59]} {[%emt 00:00:02]} 34. Kh2 {[%clk 00:01:44]}
{[%emt 00:00:07]} Ra2 {[%clk 00:04:34]} {[%emt 00:00:56]} 35. e5 {[%clk
00:00:35]} {[%emt 00:01:39]} Nxe5 {[%clk 00:04:25]} {[%emt 00:00:39]} 36. Nxe5
{[%clk 00:00:39]} {[%emt 00:00:25]} Bxe5 {[%clk 00:04:51]} {[%emt 00:00:04]}
37. f4 {[%clk 00:00:45]} {[%emt 00:00:24]} Bf6 {[%clk 00:04:51]} {[%emt
00:00:30]} 38. Bxc5 {[%clk 00:00:44]} {[%emt 00:00:31]} dxc5 {[%clk 00:05:13]}
{[%emt 00:00:08]} 39. Rxc5 {[%clk 00:01:01]} {[%emt 00:00:13]} h5 {[%clk
00:04:34]} {[%emt 00:01:09]} 40. Rc1 {[%clk 00:00:32]} {[%emt 00:00:59]} Kg7
{[%clk 00:04:09]} {[%emt 00:00:56]} 41. h4 {[%clk 00:26:05]} {[%emt 00:04:56]}
Rd2 {[%clk 00:33:45]} {[%emt 00:00:53]} 42. Rf1 {[%clk 00:23:13]} {[%emt
00:03:23]} Rd3 {[%clk 00:33:03]} {[%emt 00:01:11]} 43. Be4 {[%clk 00:22:49]}
{[%emt 00:00:54]} Rd4 {[%clk 00:30:25]} {[%emt 00:03:08]} 44. Re1 {[%clk
00:22:38]} {[%emt 00:00:42]} Rd2 {[%clk 00:30:49]} {[%emt 00:00:05]} 45. Kh3
{[%clk 00:22:55]} {[%emt 00:00:13]} Bc3 {[%clk 00:30:38]} {[%emt 00:00:41]} 46.
Rf1 {[%clk 00:19:31]} {[%emt 00:03:55]} f5 {[%clk 00:29:15]} {[%emt 00:01:53]}
47. Rc1 {[%clk 00:18:09]} {[%emt 00:01:52]} Bb2 {[%clk 00:28:25]} {[%emt
00:01:20]} 48. Rc2 {[%clk 00:18:25]} {[%emt 00:00:14]} Rxc2 {[%clk 00:28:50]}
{[%emt 00:00:04]} 49. Bxc2 {[%clk 00:18:53]} {[%emt 00:00:03]} Kf6 {[%clk
00:28:58]} {[%emt 00:00:22]} 50. Kg2 {[%clk 00:19:19]} {[%emt 00:00:04]} Bc3
{[%clk 00:29:21]} {[%emt 00:00:06]} 1/2-1/2

[Event "DVM U20 2022"]
[Site "Münster GER"]
[Date "2022.12.28"]
[Round "3"]
[White "Gallasch, Robin"]
[Black "Skabs, Denis"]
[Result "1/2-1/2"]
[Termination "normal"]
[Board "2.5"]
[WhiteElo "2035"]
[BlackElo "2021"]
[WhiteClock "00:09:04"]
[BlackClock "00:25:25"]
[WhiteTeam "Schachgemeinschaft Porz e. V."]
[BlackTeam "Schachfreunde Brackel 1930 e. V."]
[PlyCount "41"]
[WhiteFideId "16222423"]
[BlackFideId "16248449"]
[EventCountry "GER"]
[EventRounds "7"]
[EventType "team-swiss"]
[EventDate "2022.12.26"]

1. d4 {[%clk 01:30:50]} {[%emt 00:00:09]} d5 {[%clk 01:30:37]} {[%emt
00:00:24]} 2. c4 {[%clk 01:30:31]} {[%emt 00:00:48]} e6 {[%clk 01:30:17]}
{[%emt 00:00:50]} 3. Nf3 {[%clk 01:30:39]} {[%emt 00:00:22]} Nf6 {[%clk
01:30:26]} {[%emt 00:00:21]} 4. Nc3 {[%clk 01:30:40]} {[%emt 00:00:29]} Be7
{[%clk 01:30:27]} {[%emt 00:00:30]} 5. Bg5 {[%clk 01:27:47]} {[%emt 00:03:23]}
O-O {[%clk 01:27:11]} {[%emt 00:03:45]} 6. e3 {[%clk 01:26:46]} {[%emt
00:01:31]} b6 {[%clk 01:26:54]} {[%emt 00:00:47]} 7. Bxf6 {[%clk 01:19:02]}
{[%emt 00:08:14]} Bxf6 {[%clk 01:26:40]} {[%emt 00:00:45]} 8. cxd5 {[%clk
01:19:24]} {[%emt 00:00:07]} exd5 {[%clk 01:26:46]} {[%emt 00:00:24]} 9. b4
{[%clk 01:19:48]} {[%emt 00:00:06]} c5 {[%clk 01:05:06]} {[%emt 00:22:10]} 10.
bxc5 {[%clk 01:20:10]} {[%emt 00:00:08]} bxc5 {[%clk 01:05:11]} {[%emt
00:00:26]} 11. Rc1 {[%clk 01:19:26]} {[%emt 00:01:13]} c4 {[%clk 00:59:16]}
{[%emt 00:06:25]} 12. Be2 {[%clk 01:13:42]} {[%emt 00:06:14]} Bf5 {[%clk
00:56:59]} {[%emt 00:02:47]} 13. O-O {[%clk 01:13:23]} {[%emt 00:00:50]} Nc6
{[%clk 00:55:44]} {[%emt 00:01:45]} 14. Qa4 {[%clk 00:59:56]} {[%emt 00:13:56]}
Qd7 {[%clk 00:51:09]} {[%emt 00:05:05]} 15. Nd2 {[%clk 00:43:44]} {[%emt
00:16:43]} Rad8 {[%clk 00:38:09]} {[%emt 00:13:29]} 16. Rfd1 {[%clk 00:37:51]}
{[%emt 00:06:24]} Ne7 {[%clk 00:31:59]} {[%emt 00:06:40]} 17. Qa5 {[%clk
00:35:00]} {[%emt 00:03:20]} Nc6 {[%clk 00:30:56]} {[%emt 00:01:34]} 18. Qa4
{[%clk 00:23:56]} {[%emt 00:11:33]} Ne7 {[%clk 00:31:18]} {[%emt 00:00:08]} 19.
Qa5 {[%clk 00:23:31]} {[%emt 00:00:55]} Nc6 {[%clk 00:25:54]} {[%emt 00:05:55]}
20. Qb5 {[%clk 00:16:47]} {[%emt 00:07:12]} Ne7 {[%clk 00:25:25]} {[%emt
00:01:01]} 21. Qa5 {[%clk 00:09:04]} {[%emt 00:08:12]} 1/2-1/2